Pakistan`s Econimic Development 1948-1988 (Record no. 7221)

MARC details
000 -LEADER
fixed length control field 00461nam a2200169 a 4500
082 00 - DEWEY DECIMAL CLASSIFICATION NUMBER
Classification number 338.9549
Author Cutter BHA1
100 ## - MAIN ENTRY--AUTHOR NAME
Author name Bhatia, B M
245 ## - TITLE STATEMENT
Title Pakistan`s Econimic Development 1948-1988
260 ## - PUBLICATION, DISTRIBUTION, ETC. (IMPRINT)
Place of publication Delhi
Name of publisher Konark Publishers
Year of publication 1989
300 ## - PHYSICAL DESCRIPTION
Number of Pages 323p
500 ## - GENERAL NOTE
General note includes index and biblioraphy
650 ## - SUBJECT ADDED ENTRY--TOPICAL TERM
Topical Term Economics-Pakistan
650 ## - SUBJECT ADDED ENTRY--TOPICAL TERM
Topical Term Development Strategies-Pakistan
650 ## - SUBJECT ADDED ENTRY--TOPICAL TERM
Topical Term Pakistan-Economic Development
942 ## - ADDED ENTRY ELEMENTS (KOHA)
Koha item type Books
700 1# -
-- Bhatia, B M
Holdings
Collection code Home library Current library Date acquired Cost, normal purchase price Full call number Accession Number Koha item type
  Henry Martyn Institute Library Henry Martyn Institute Library 06/19/2007 150.00 338.9549 BHA1 014521 Books
                   Copyright © 2026 | Henry Martyn Institute | Hyderabad | TS-500052 | INDIA | Implemented by hmi.edu.in
Hit-Count:

Powered by Koha